Detalles MARC
| 000 -LIDER |
| fixed length control field |
01061nam a22003017a 4500 |
| 001 - NÚMERO DE CONTROL |
| Identificador de número de control |
0074 |
| 003 - IDENTIFICACDOR DE NÚMERO DE CONTROL |
| control field |
DO-SdBNP |
| 005 - DATE AND TIME OF LATEST TRANSACTION |
| control field |
20171108131310.0 |
| 007 - CAMPOS FIJOS DE DESCRIPCIÓN FÍSICA |
| fixed length control field |
0074 |
| 008 - ELEMENTOS DE LONGITUD FIJA |
| fixed length control field |
151111b sp 2007 xxu||||| |||| 00| 0 spa d |
| 020 ## - ISBN |
| International Standard Book Number |
97884835800554 |
| 040 ## - FUENTE DE CATALOGACIÓN |
| Agencia que crea de manera original el registro |
BPMSU |
| Idioma de catalogación |
spa |
| Agencia que realiza la transcripción |
BPMSU |
| 082 #4 - NÚMERO DE CLASIFICACIÓN DECIMAL DE DEWEY |
| Classification number |
155.5 |
| Item number |
S121c |
| 100 10 - ASIENTO PRINCIPAL -- NOMBRE PERSONAL |
| Nombre personal |
Sachs, Brad |
| Fechas asociadas con el nombre |
1956- |
| 240 ## - TITULO UNIFORME |
| Título uniforme |
When no one understands :letters to a teenager on life, loss, and hard road to adulthood |
| Idioma de una obra |
spa |
| 245 10 - MENCIÓN DE TITULO |
| Título |
Cuando nadie me entiende : |
| Subtítulo |
cartas a una adolescente sobre la vida, las pérdidas y el difícil camino hacia la madurez / |
| Mención de responsabilidad |
Brad Sachs ; traducción Ángela García |
| 260 ## - PUBLICACIÓN, DISTRIBUCIÓN, ETC. (PIE DE IMPRENTA) |
| Lugar de publicación, distribución, etc |
Barcelona : |
| Nombre del editor, distribuidor, etc. |
Granica, |
| Fecha de publicación, distribución, etc |
2007. |
| 300 ## - DESCRIPCIÓN FÍSICA |
| Extensión |
158 p. : |
| Dimensiones |
22 cm. |
| 500 ## - NOTA GENERAL |
| Nota general |
Incluye datos biográficos del autor en la solapa de la cubierta |
| 650 ## - ENCABEZAMIENTO DE MATERIA--TEMÁTICO |
| Término temático o nombre geográfico como elemento de entrada |
CONDUCTA (PSICOLOGIA) |
| 650 ## - ENCABEZAMIENTO DE MATERIA--TEMÁTICO |
| Término temático o nombre geográfico como elemento de entrada |
VIDA |
| 650 ## - ENCABEZAMIENTO DE MATERIA--TEMÁTICO |
| Término temático o nombre geográfico como elemento de entrada |
PSICOLOGIA DEL ADOLESCENTE |
| 700 10 - ASIENTO SECUNDARIO -- NOMBRE PERSONAL |
| Nombre personal |
García, Ángela, |
| Mención de responsabilidad |
tr. |
| 942 ## - ADDED ENTRY ELEMENTS (KOHA) |
| Source of classification or shelving scheme |
Dewey Decimal Classification |
| Koha item type |
Libros |
| 945 ## - INFORMACIÓN DE PROCESAMIENTO LOCAL |
| Información de procesamiento local |
Inventariado, 2017/MFF |
| 956 ## - LOCAL ELECTRONIC LOCATION AND ACCESS (OCLC) |
| Nombre de host |
Brenda Tavárez |
| 956 ## - LOCAL ELECTRONIC LOCATION AND ACCESS (OCLC) |
| Nombre de host |
Validado. Control de calidad MFF |